000 01088nam a2200241 a 4500
001 20437
003 CO-ViMGA
008 141112s2004 ck r 000 u spa d
020 _a9589181449
040 _aCO-ViMGA
_bspa
_cCO-ViMGA
082 0 4 _a612.11 P174g
100 1 _aPatiño, J.F.
_929498
245 1 0 _aGases sanguineos :
_bFisiología de la respiración e insuficiencia respiratoria aguda
250 _a6
260 _aBogotá :
_bMedica panAméricana,
_c1998
300 _a208p il.
505 _aFisica de los gases 19 - - Fisiologia de la respiración 39 - - Síndrome de dificultad respiratoria del adulto 89 - - Mecánica respiratoria y persión positiva en terapia respiratoria 137 - - Enfoque sistemático para la interpretación de gases sanguineos en la práctica clínica 159
590 _aForma de adquisición : Compra temas y libros fact. 0535 - - Precio : 30000 - - Fecha de adquisición : Marzo 2006 - - Ejemplares : 3
650 1 4 _aGASES SANGUINEOS
_948823
650 1 4 _aINSUFICIENCIA RESPIRATORIA
_929499
650 1 4 _aRESPIRACION
_948149
942 _2ddc
_cBK
999 _c29432
_d29432